000 00763nam a2200277 a 4500
008
020 _a072343249X (pbk.)
049 _aMAIN
090 _aRD87.3.C37
_bFAG
100 1 _aFagan.
245 1 0 _aCardiovascular system /
_cToby Fagan.
246 _aCrash course cardiovascular system.
250 _a2nd ed.
260 _aLondon :
_bMosby,
_c2002.
300 _aix, 203 p :
_bcol ill. ;
_c28 cm.
440 _aCrash course.
500 _aIncludes index.
650 1 _aCardiovascular system.
650 _aHeart disease.
700 _aSunthareswaran, Romeshan.
907 _a.b10259478
_b19-07-12
_c12-01-09
003
005 20230120204010.0
040 _cNUST
942 _cBOOKS
_kRD87.3.C37
_mFAG
999 _c115307
_d115307